Financial accounting (Record no. 2757)
| 000 -LEADER | |
|---|---|
| fixed length control field | 00597nam a22002177a 4500 |
| 003 - CONTROL NUMBER IDENTIFIER | |
| control field | OSt |
| 005 - DATE AND TIME OF LATEST TRANSACTION | |
| control field | 20160812145312.0 |
| 008 - FIXED-LENGTH DATA ELEMENTS--GENERAL INFORMATION | |
| fixed length control field | 111018t xxu||||| |||| 00| 0 eng d |
| 020 ## - INTERNATIONAL STANDARD BOOK NUMBER | |
| International Standard Book Number | 9781111525545 |
| 040 ## - CATALOGING SOURCE | |
| Transcribing agency | DLC |
| 050 ## - LIBRARY OF CONGRESS CALL NUMBER | |
| Classification number | HF5635.T76 2003 |
| 100 ## - MAIN ENTRY--PERSONAL NAME | |
| Personal name | Trotman, Ken |
| 245 ## - TITLE STATEMENT | |
| Title | Financial accounting |
| Statement of responsibility, etc | Ken Trotman...et. al. |
| 250 ## - EDITION STATEMENT | |
| Edition statement | 2nd ed. |
| 260 ## - PUBLICATION, DISTRIBUTION, ETC. (IMPRINT) | |
| Place of publication, distribution, etc | Australia : |
| Name of publisher, distributor, etc | Nelson Australia Pty Ltd. |
| Date of publication, distribution, etc | 2003 . |
| 300 ## - PHYSICAL DESCRIPTION | |
| Extent | xviii, 790 p. |
| Other physical details | ill. (some col. ) . |
| Dimensions | 26cm |
| 504 ## - BIBLIOGRAPHY, ETC. NOTE | |
| Bibliography, etc | Includes index |
| 650 ## - SUBJECT ADDED ENTRY--TOPICAL TERM | |
| Topical term or geographic name as entry element | Financial accounting |
| 700 ## - ADDED ENTRY--PERSONAL NAME | |
| Personal name | Gibbins, Michael |
| 942 ## - ADDED ENTRY ELEMENTS (KOHA) | |
| Source of classification or shelving scheme | |
| Koha item type | Book |
| Withdrawn status | Lost status | Source of classification or shelving scheme | Damaged status | Not for loan | Home library | Current library | Shelving location | Date acquired | Total Checkouts | Full call number | Barcode | Date last seen | Date checked out | Copy number | Price effective from | Koha item type | Total Renewals | Checked out |
|---|---|---|---|---|---|---|---|---|---|---|---|---|---|---|---|---|---|---|
| Riara University Library | Riara University Library | General stack | 12/08/2016 | 1 | HF5635.T76 2003 | 7335/16 | 03/04/2018 | 19/03/2018 | C.1 | 12/08/2016 | Book | |||||||
| Riara University Library | Riara University Library | General stack | 28/09/2016 | 2 | HF5635.T76 2003 | 8341/16 | 18/03/2026 | 18/03/2026 | C,2 | 28/09/2016 | Book | 1 | 20/04/2026 |
